El ratón del supermercado y...otros cuentos
Enregistré dans:
| Auteur principal: | |
|---|---|
| Format: | Livre |
| Langue: | espagnol |
| Publié: |
Ciudad de México
Fondo de Cultura Económica
2005
|
| Édition: | 1a. ed |
| Collection: | Clásicos
|
| Sujets: | |
| Tags: |
Ajouter un tag
Pas de tags, Soyez le premier à ajouter un tag!
|
MARC
| LEADER | 00000nam a2200000 a 4500 | ||
|---|---|---|---|
| 001 | UCG4934 | ||
| 003 | CL-VaPUC | ||
| 005 | 20250408093832.0 | ||
| 008 | 101216e20050000MX |||||||||||||||||spa|d | ||
| 999 | |c 343534 |d 343532 | ||
| 020 | |a 9681676513 | ||
| 040 | |c Pontificia Universidad Católica de Valparaíso | ||
| 082 | 0 | 4 | |a 808.0683 |b IBA |2 21 |
| 100 | 0 | |a Ibargüengoitia, Jorge |e author |9 554432 | |
| 245 | 1 | 3 | |a El ratón del supermercado y...otros cuentos |
| 250 | |a 1a. ed | ||
| 260 | |a Ciudad de México |b Fondo de Cultura Económica |c 2005 | ||
| 300 | |a 52 p | ||
| 490 | 0 | |a Clásicos | |
| 500 | |a Ilustrado por: Magú | ||
| 583 | |a last modification |c 20101216 00:00:00 |k Rodrigo Vera | ||
| 650 | 0 | |a Literatura infantil mexicana |9 307465 |x Cuentos | |
| 942 | |c BK |2 ddc | ||
| 945 | |d 20101216 00:00:00 |a cmena | ||
| 952 | |0 0 |1 0 |4 0 |6 808_068300000000000_IBA_2005 |7 0 |8 A |9 440876 |a BIBEDU |b BIBEDU |d 2019-11-22 |i 4743377 |l 1 |o 808.0683 IBA 2005 |p 4743377 |r 2024-04-04 |s 2024-04-01 |w 2019-11-22 |y BK |k EPE | ||